000 00926nas a2200313 4500
001 BR0200378
003 BR-BrBNA
005 20231205102651.0
007 ta
008 230509b bl.|||p| |||| 00| 00por d
040 _aBR-BrBNA
_bpor
_cBiblioteca Nacional de Agricultura
041 _a(Pt)
072 _aF03
100 1 _aSantos, M.R. dos
100 1 _aReis, M.S.
100 1 _aSediyama, T.
100 1 _aCecon, P.R.
100 1 _aDias, D.C.F.S.
245 1 _aGerminação e qualidade sanitária de sementes de soja produzidas em diferentes regiões do Estado de Minas Gerais
650 _aSOJA
650 _aSEMENTE
650 _aGERMINAÇÃO
650 _aQUALIDADE
650 _aCONTROLE GENÉTICO
650 _aMINAS GERAIS
773 0 _tRevista Ceres (Brazil)
_xISSN 0034-737X
_g(Mar-Apr 2001), v. 48(276) p. 127-139
_wBR0200378
909 _a202311
_bLúcia
_c55
_dLúcia Elande
942 _2AGRIS
_n0
_cANA
999 _c168711
_d168711